000 00664nam a2200289Ia 4500
005 20260324150653.0
008 008 260324s9999 xx 000 0 eng d
020 _a9781315306513
037 _aEBOOK
040 _aCRL
040 _beng
040 _cCRL
041 _2eng
041 _aeng
084 _qCRL
100 _aV. G. J. Sheddick
_91227202
245 4 _aThe Southern Sotho
245 0 _bSouthern Africa Part II
260 _bTaylor and Francis
260 _c1953
365 _a
365 _b170
856 _uhttp://www.taylorfrancis.com/books/9781315306513
942 _cEBOOK
999 _c1837081
_d1837081